000 00281nam a22001217a 4500
008 170904b xxu||||| |||| 00| 0 eng d
041 _aeng
080 _a070
100 _a40
101 _aMED
245 _aZONE SYSTEM FOR FINE PHOTOGRAPHY
_cSCHAEFER.J.P
942 _2udc
_cBK
999 _c26077
_d26077